[Event "AUTO-ADV-3784"]
[Site "http://www.queenalice.com/game.php?id=1465574"]
[Date "2017.2.20"]
[Round "1"]
[White "chessman"]
[Black "kuam"]
[Result "0-1"]
[WhiteElo "1886"]
[BlackElo "1637"]

1. e4 Nf6 2. d3 e5 3. f4 exf4 4. Bxf4 Bc5 5. d4 Bb6 6. c3 O-O 7. Bd3 Nxe4 8.
Bxe4 Re8 9. Be5 d6 10. Nf3 dxe5 11. Nxe5 Nd7 12. Bxh7+ Kf8 13. Qe2 Qh4+ 0-1

[Event "AUTO-ADV-3784"]
[Site "http://www.queenalice.com/game.php?id=1465575"]
[Date "2017.2.20"]
[Round "1"]
[White "kuam"]
[Black "jlpbarreto"]
[Result "1-0"]
[WhiteElo "1776"]
[BlackElo "1970"]

1. e4 e5 2. d4 exd4 3. Qxd4 Nc6 4. Qe3 Nf6 5. h3 Be7 6. Bb5 O-O 7. Bd2 a6 8. Ba4
b5 9. Bb3 Re8 10. f3 d5 11. Ne2 Bb7 12. O-O Nd7 13. Kh1 dxe4 14. fxe4 Nce5 15.
Bc3 Bf6 16. a4 Qe7 17. Ng3 g6 18. Nd2 c5 19. Bxe5 Nxe5 20. c3 c4 21. Bc2 Red8
22. Nf3 Nd3 23. Bxd3 Rxd3 24. Qf4 Rad8 25. axb5 axb5 26. Ra7 R3d7 27. Re1 Bc6
28. Ra6 Rd6 29. e5 Bxf3 30. Rxd6 Rxd6 31. Qxf3 Bxe5 32. Nf1 f6 33. Ne3 Rd3 34.
Qa8+ Rd8 35. Qc6 Rb8 36. Ng4 1-0

[Event "AUTO-ADV-3784"]
[Site "http://www.queenalice.com/game.php?id=1465576"]
[Date "2017.2.20"]
[Round "1"]
[White "jlpbarreto"]
[Black "kuam"]
[Result "0-1"]
[WhiteElo "1970"]
[BlackElo "1751"]

1. e4 Nf6 2. e5 Nd5 3. c4 Nf4 4. d4 Ng6 5. Nc3 d6 6. Nf3 dxe5 7. d5 e6 8. Be2
Bb4 9. Qa4+ c6 10. Qxb4 Na6 11. Qb3 Qa5 12. dxc6 bxc6 13. O-O Nc5 14. Qc2 O-O
15. Bd2 Bb7 16. a3 Qc7 17. Be3 Nd7 18. c5 h6 19. Rfd1 f5 20. Rd6 Rf6 21. Rad1
Ngf8 22. R1d2 f4 23. Qd1 fxe3 24. fxe3 Rf7 25. Bc4 Nxc5 26. b4 Ncd7 27. Qb3 Re8
28. Na4 c5 29. bxc5 Bxf3 30. gxf3 Nxc5 31. Nxc5 Qxc5 32. Kf2 Rf6 33. Qb5 Rc8 34.
Qxc5 Rxc5 35. Ba2 Ra5 36. R6d3 e4 0-1

[Event "AUTO-ADV-3784"]
[Site "http://www.queenalice.com/game.php?id=1465577"]
[Date "2017.2.20"]
[Round "1"]
[White "kuam"]
[Black "a3035"]
[Result "1-0"]
[WhiteElo "1739"]
[BlackElo "1606"]

1. e4 e5 2. Bc4 Bc5 3. Qh5 Qe7 4. d3 Nf6 5. Qg5 O-O 6. Nf3 Nc6 7. Nh4 Nd4 8. Bb3
Nxe4 9. dxe4 Qxg5 10. Bxg5 Nxb3 11. axb3 c6 12. O-O f6 13. Bd2 b6 14. c3 d5 15.
b4 Bd6 16. exd5 cxd5 17. Na3 Bd7 18. Nf3 a5 19. bxa5 bxa5 20. Nc2 Rfb8 21. b4
axb4 22. Rxa8 Rxa8 23. Nxb4 d4 24. cxd4 exd4 25. Nc2 d3 26. Ncd4 Rb8 27. h4 Ra8
28. g3 Ra4 29. Kg2 Bc5 30. Be3 Bg4 31. Rc1 Bxf3+ 32. Nxf3 Bxe3 33. fxe3 Re4 34.
Kf2 Kf7 35. Rc3 Ra4 36. Rxd3 Ra2+ 37. Nd2 Ke6 38. Kf3 f5 39. Nc4 Kf6 40. Rd6+
Ke7 41. Rd4 Ra4 42. Rf4 Kf6 43. g4 g5 44. hxg5+ Kxg5 45. Rxf5+ Kg6 46. Rf4 Ra1
47. Ne5+ Kg5 48. Rf5+ Kh6 49. Kg3 Ra3 50. Kf4 Ra1 51. g5+ Kg7 52. e4 Rf1+ 53.
Nf3 Kg6 54. Ke5 Kh5 55. Rf6 Kg4 56. Nh2+ 1-0

[Event "AUTO-ADV-3784"]
[Site "http://www.queenalice.com/game.php?id=1465578"]
[Date "2017.2.20"]
[Round "1"]
[White "a3035"]
[Black "kuam"]
[Result "0-1"]
[WhiteElo "1627"]
[BlackElo "1725"]

1. d4 d5 2. e4 dxe4 3. Be3 g6 4. Nc3 f5 5. f3 exf3 6. Qxf3 Bg7 7. O-O-O Nf6 8.
Bb5+ c6 9. Ba4 O-O 10. d5 cxd5 11. Bb3 e6 12. Nh3 Qa5 13. Bd4 Nc6 14. Nf2 Nxd4
15. Rxd4 Ne4 16. Nfxe4 fxe4 17. Qe3 Bxd4 18. Qxd4 Qb6 19. Qd1 Qf2 20. g3 Bd7 21.
Nxe4 Qg2 22. Nd6 Bc6 23. c3 a5 24. c4 a4 25. Bc2 Rf2 26. Bd3 Rxb2 27. Bc2 Rxa2
28. Kb1 Ra3 29. Nb5 Rf3 30. Nd4 Rf6 31. Nxc6 bxc6 32. cxd5 cxd5 33. Qe1 Rb8+ 34.
Ka1 Qxc2 35. g4 Qb2# 0-1

[Event "Challenge"]
[Site "http://www.queenalice.com/game.php?id=1468767"]
[Date "2017.3.14"]
[Round "-"]
[White "clovis"]
[Black "kuam"]
[Result "0-1"]
[WhiteElo "2064"]
[BlackElo "1800"]

1. e4 e5 2. Bc4 Bc5 3. Nf3 d6 4. O-O Bg4 5. b4 Bxb4 6. c3 Bc5 7. Qb3 Bb6 8.
Bxf7+ Kf8 9. d4 Bxf3 10. Bxg8 Rxg8 11. gxf3 exd4 12. cxd4 Bxd4 13. Nc3 b6 14.
Bb2 c6 15. Rad1 Be5 16. Ne2 Qe7 17. Ng3 g6 18. Rd3 Nd7 19. Qc2 Nc5 20. Rd2 h5
21. Rfd1 Bf4 22. Rd4 Rc8 23. Ne2 Ne6 24. Nxf4 Nxd4 25. Rxd4 h4 26. Rd1 Qg5+ 27.
Ng2 h3 28. Kf1 Qxg2+ 29. Ke2 Ke7 30. Qc3 Rgf8 31. Qd3 Rcd8 32. Qe3 Ke6 33. a4
Rd7 34. a5 Rdf7 35. Rd3 c5 36. e5 d5 37. Rxd5 Rxf3 38. Rd6+ Ke7 39. Rd7+ Kxd7
40. Qd2+ Kc8 0-1

[Event "Challenge"]
[Site "http://www.queenalice.com/game.php?id=1468911"]
[Date "2017.3.15"]
[Round "-"]
[White "charles31"]
[Black "kuam"]
[Result "1-0"]
[WhiteElo "1737"]
[BlackElo "1834"]

1. Nc3 c6 2. e4 e5 3. d4 Bd6 4. Nh3 exd4 5. Qxd4 Nf6 6. Bg5 Be7 7. Bc4 O-O 8.
Be2 d5 9. Bxf6 Bxf6 10. e5 Be7 11. O-O-O Bxh3 12. gxh3 Qa5 13. a3 Nd7 14. Rhg1
f5 15. f4 Bc5 16. Qd3 Bxg1 17. Rxg1 g6 18. Qg3 Kf7 19. h4 Rg8 20. Qg5 Qb6 21. h5
Qf2 22. hxg6+ Rxg6 23. Qxf5+ Ke7 24. Rxg6 hxg6 25. Qg5+ Kf7 26. Bg4 Nf8 27. Qf6+
Kg8 28. h4 d4 29. Nd1 Qg1 30. Be6+ Nxe6 31. Qxe6+ Kh7 32. Qf7+ Kh6 33. Qxb7 Rf8
34. h5 gxh5 35. Qxc6+ Kg7 36. e6 Qe1 37. Qd7+ Kf6 38. Qd6 Re8 39. Qxd4+ Kxe6 40.
Qxa7 Kf5 41. Qh7+ Kg4 42. Qg6+ Kxf4 43. Qxh5 Re2 44. Qh6+ Kg3 45. Qg7+ Kh2 46.
Qh6+ Kg1 47. Qg5+ Rg2 48. Qc5+ Rf2 49. Qxf2+ Qxf2 50. Nxf2 Kxf2 51. a4 Ke3 52.
a5 Kd4 53. a6 Kc5 54. a7 1-0

[Event "Challenge"]
[Site "http://www.queenalice.com/game.php?id=1469417"]
[Date "2017.3.18"]
[Round "-"]
[White "a3035"]
[Black "kuam"]
[Result "0-1"]
[WhiteElo "1604"]
[BlackElo "1827"]

1. e4 Nf6 2. Nc3 e5 3. Nf3 Bb4 4. Bc4 d6 5. O-O Bxc3 6. dxc3 Nxe4 7. Be3 Nd7 8.
b4 Nxc3 9. Qd3 Na4 10. Qb3 Nab6 11. Ng5 Nxc4 12. Qxc4 O-O 13. a4 h6 14. Nf3 Nf6
15. a5 Bg4 16. Nd2 Be6 17. Qb5 b6 18. c3 Nd5 19. Ne4 f5 20. c4 Nxe3 21. fxe3
fxe4 22. Rxf8+ Qxf8 23. axb6 axb6 24. Rxa8 Qxa8 25. Kf2 Qa2+ 26. Kg3 Bxc4 27.
Qe8+ Kh7 28. Qf8 Qe2 29. Qf5+ Kh8 30. Qxe4 Qe1+ 31. Kf3 Be2# 0-1

[Event "Challenge"]
[Site "http://www.queenalice.com/game.php?id=1470240"]
[Date "2017.3.24"]
[Round "-"]
[White "kuam"]
[Black "charles31"]
[Result "1-0"]
[WhiteElo "1814"]
[BlackElo "1727"]

1. e4 e5 2. Nf3 d6 3. Bb5+ Bd7 4. a4 a6 5. Be2 Nc6 6. d4 exd4 7. Nxd4 Be7 8. c3
h6 9. b4 Nxd4 10. Qxd4 Bf6 11. Qd3 Ne7 12. Be3 Ng6 13. f4 Qe7 14. Bf3 Nh4 15.
O-O Nxf3+ 16. Rxf3 g5 17. Na3 gxf4 18. Bxf4 Bxa4 19. Nc4 Bb5 20. Ra3 O-O-O 21.
Qd5 Be5 22. Bxe5 dxe5 23. Qxe5 Qd7 24. Na5 Qd1+ 25. Kf2 Qd2+ 26. Kg3 Rhg8+ 27.
Kh4 Qxg2 28. Qf4 Be2 29. c4 Bxf3 30. Rxf3 Rg5 31. h3 Rdg8 32. e5 Qh1 33. Qe4
Rg4+ 34. Qxg4+ Rxg4+ 35. Kxg4 Qb1 36. Rb3 Qg6+ 37. Kf4 Qg5+ 38. Ke4 f6 39. exf6
Qxf6 40. c5 Qe6+ 41. Kd4 b6 42. Nc4 bxc5+ 43. Kxc5 c6 44. Nd6+ Kd7 45. Rd3 Kc7
46. Nc4 Qf5+ 47. Kd4 Qf6+ 48. Kc5 h5 49. Re3 Qf8+ 50. Kd4 Qxb4 51. Re5 h4 52.
Rh5 Qe1 53. Rh7+ Kc8 54. Kc5 a5 55. Rh8+ Kd7 56. Nb6+ Ke6 57. Re8+ 1-0

[Event "Challenge"]
[Site "http://www.queenalice.com/game.php?id=1470241"]
[Date "2017.3.24"]
[Round "-"]
[White "exocytosis"]
[Black "kuam"]
[Result "1-0"]
[WhiteElo "1904"]
[BlackElo "1827"]

1. e4 e5 2. Nf3 f6 3. d4 exd4 4. Nxd4 Bc5 5. Nf3 Ne7 6. Bc4 c6 7. O-O a5 8. a4
d5 9. exd5 cxd5 10. Bb3 Be6 11. Re1 Bf7 12. Nc3 O-O 13. Be3 Bxe3 14. Rxe3 Nbc6
15. Rd3 Nb4 16. Rd2 Qd6 17. Bc4 Qc5 18. Bb3 Rad8 19. Rc1 Rd7 20. Ne4 Qb6 21. c4
Rfd8 22. c5 Qc7 23. Nd6 Kf8 24. Nxf7 Kxf7 25. Nd4 g6 26. Qe2 Qf4 27. Ne6 Qh6 28.
Nxd8+ Rxd8 29. Re1 Nf5 30. Bxd5+ Nxd5 31. Qe6+ Kf8 32. Rxd5 Rxd5 33. Qxd5 Qf4
34. Qe4 Qd2 35. b3 Qc3 36. g4 Nh4 37. Qe3 Qxe3 38. Rxe3 Kf7 39. f4 g5 40. f5 h5
41. h3 hxg4 42. hxg4 Kf8 43. Kf2 Kf7 44. Re6 Kf8 45. Rb6 Ke8 46. Rxb7 Kd8 47.
Rb5 Kc7 48. Rxa5 Kc6 49. Rb5 Kd5 50. a5 Kc6 51. Rb6+ Kxc5 52. b4+ Kd5 53. a6 Ke5
54. a7 Kf4 55. a8=Q Kxg4 56. Rxf6 Nxf5 57. Qf3+ Kh4 58. b5 g4 59. Qxf5 g3+ 60.
Kf3 g2 61. Qg4# 1-0

[Event "Challenge"]
[Site "http://www.queenalice.com/game.php?id=1471041"]
[Date "2017.3.29"]
[Round "-"]
[White "Marcelin07"]
[Black "kuam"]
[Result "0-1"]
[WhiteElo "1821"]
[BlackElo "1827"]

1. e4 Nf6 2. e5 Nd5 3. d4 e6 4. c4 Bb4+ 5. Bd2 Bxd2+ 6. Qxd2 Nb6 7. Nf3 O-O 8.
Bd3 h6 9. h4 f5 10. Nc3 d5 11. c5 N6d7 12. O-O-O b6 13. Ng5 hxg5 14. hxg5 g6 15.
Rh6 Kf7 16. Rdh1 bxc5 17. Rh7+ Ke8 18. dxc5 Nxe5 19. R1h6 Rg8 20. f4 Nf7 21. Rh3
c6 22. b4 Ba6 23. b5 Bb7 24. Qd1 Qa5 25. Qb3 Nd7 0-1

[Event "Challenge"]
[Site "http://www.queenalice.com/game.php?id=1471045"]
[Date "2017.3.29"]
[Round "-"]
[White "kuam"]
[Black "Milxadrez"]
[Result "1-0"]
[WhiteElo "1860"]
[BlackElo "1727"]

1. e4 e6 2. d4 d5 3. e5 c5 4. Be3 Nc6 5. Bb5 Bd7 6. Bxc6 Bxc6 7. dxc5 Qa5+ 8.
Qd2 Qc7 9. Bd4 Ne7 10. g4 Bb5 11. Nc3 Ba6 12. b4 b5 13. h4 Nc6 14. Nf3 Nxb4 15.
Rb1 Nc6 16. Nxb5 Qd7 17. Rb2 Be7 18. O-O O-O 19. Kg2 Rab8 20. Rfb1 Rb7 21. Kg3
Rfb8 22. Nd6 Rxb2 23. Rxb2 Qc7 24. Qf4 Rf8 25. c3 Qa5 26. Ne1 Qa3 27. Rd2 Na5
28. Nc2 Qa4 29. Nb4 Nc4 30. Rc2 Bb5 31. Qc1 a5 32. Nd3 Nxd6 33. exd6 Bxd6+ 34.
cxd6 Bxd3 35. Rb2 Qa3 36. d7 Qd6+ 37. Kh3 Qxd7 38. Qg5 f6 39. Qd2 Be4 40. Qe2 f5
41. f4 fxg4+ 42. Kg3 Qf7 43. Be5 Qa7 44. Bd4 1-0

[Event "Let's Play Chess!"]
[Site "http://www.queenalice.com/game.php?id=1471052"]
[Date "2017.3.31"]
[Round "-"]
[White "bobifixer"]
[Black "kuam"]
[Result "0-1"]
[WhiteElo "2134"]
[BlackElo "1871"]

1. e4 Nf6 2. d3 e5 3. Nf3 Bd6 4. g3 c5 5. Bg2 Qb6 6. O-O Bc7 7. b3 d6 8. Bb2 Bg4
9. Nc3 O-O 10. Qd2 Nc6 11. Qg5 Bxf3 0-1

[Event "Challenge"]
[Site "http://www.queenalice.com/game.php?id=1471119"]
[Date "2017.3.30"]
[Round "-"]
[White "Japy104"]
[Black "kuam"]
[Result "1-0"]
[WhiteElo "1900"]
[BlackElo "1828"]

1. d4 d5 2. c4 e6 3. cxd5 Qxd5 4. Nc3 Qa5 5. Qa4+ Qxa4 6. Nxa4 Bb4+ 7. Nc3 Nf6
8. Nf3 Ne4 9. Bd2 Bxc3 10. bxc3 O-O 11. e3 g5 12. Bd3 Nxd2 13. Kxd2 h6 14. g4
Nd7 15. h4 f6 16. Rh3 1-0

[Event "Challenge"]
[Site "http://www.queenalice.com/game.php?id=1471361"]
[Date "2017.3.31"]
[Round "-"]
[White "kuam"]
[Black "exocytosis"]
[Result "0-1"]
[WhiteElo "1827"]
[BlackElo "2038"]

1. d4 d5 2. Nc3 Nf6 3. Bg5 Bf5 4. a3 Nbd7 5. h4 h6 6. Bf4 e6 7. e3 Be7 8. Bd3
Bxd3 9. Qxd3 Nh5 10. Bh2 c5 11. Qe2 Nhf6 12. Qb5 Qb6 13. a4 Qxb5 14. Nxb5 Kd8
15. Bc7+ Kc8 16. Bd6 Bd8 17. Bh2 cxd4 18. Nd6+ Kb8 19. Nxf7+ Bc7 20. Nxh8 Bxh2
21. Rxh2 dxe3 22. fxe3 Ne5 23. h5 Kc7 24. Ng6 Nfg4 25. Rh3 Nc4 26. O-O-O Ncxe3
27. Rd2 Kd6 28. Rf3 Nc4 29. Re2 e5 30. Rg3 Nf6 31. Rh3 d4 32. b3 Ne3 33. Rd2
Nfd5 34. Rf3 Ke6 35. Rdf2 Nf6 36. Rh3 Rc8 37. Kb2 Nd1+ 38. Kb1 Nxf2 39. Rf3 N2e4
40. Kb2 Nxh5 41. Ne2 Nhf6 42. Ng3 Ng5 43. Rf2 Rc3 44. Ne2 Re3 45. Nc1 Nge4 46.
Re2 Ng3 47. Rxe3 dxe3 48. Nd3 e4 49. Ne1 Nd7 50. Kc3 a6 51. Kd4 Kf6 52. Nf4 Kf5
53. Nd5 e2 54. Ke3 h5 55. Nc3 g5 56. Nxe2 Nxe2 57. Kxe2 Nc5 58. Ke3 h4 59. Kd4
b6 60. a5 Ne6+ 61. Kd5 b5 62. b4 g4 63. c4 h3 64. gxh3 gxh3 65. cxb5 h2 66. Nc2
Nc7+ 67. Kc6 Nxb5 68. Ne3+ Kf4 69. Nd5+ Ke5 70. Nb6 h1=Q 71. Kb7 e3+ 72. Kxa6
Nc7+ 73. Ka7 e2 74. Kb8 Nb5 75. Nd7+ Kd6 76. Nb6 Qc6 77. Na4 Qc7+ 0-1

[Event "Challenge"]
[Site "http://www.queenalice.com/game.php?id=1471764"]
[Date "2017.4.3"]
[Round "-"]
[White "paolop69"]
[Black "kuam"]
[Result "0-1"]
[WhiteElo "1816"]
[BlackElo "1898"]

1. e4 Nf6 2. d3 e5 3. h3 d5 4. Nd2 Bd7 5. Be2 d4 6. Nc4 Qe7 7. a3 Bb5 8. Na5 b6
9. Nb3 a5 10. Bd2 Qd8 11. a4 Bc6 12. Nc1 Bb4 13. Bxb4 axb4 14. b3 Bd7 15. Na2 c5
16. Nf3 Qc7 17. Nh2 b5 18. axb5 Bxb5 19. Qb1 O-O 20. Nc1 Nc6 21. Rxa8 Rxa8 22.
O-O h6 23. Ng4 Nxg4 24. Bxg4 Ra3 25. Ne2 Ne7 26. Qc1 Qa7 27. Ng3 Kh7 28. Nf5
Nxf5 29. Bxf5+ g6 30. Bg4 Qe7 31. g3 Ra8 32. h4 Bd7 33. Qd1 Rf8 34. Kg2 f5 35.
exf5 gxf5 36. Bh5 f4 37. Qe2 Qe6 38. Qe4+ Kg7 39. g4 Bc6 40. Ra1 Bxe4+ 41. dxe4
Qb6 42. f3 Qb7 43. g5 Ra8 44. Rxa8 Qxa8 45. gxh6+ Kxh6 46. Bf7 Qa2 0-1

[Event "Challenge"]
[Site "http://www.queenalice.com/game.php?id=1473229"]
[Date "2017.4.13"]
[Round "-"]
[White "adriano1953"]
[Black "kuam"]
[Result "1-0"]
[WhiteElo "1982"]
[BlackElo "1911"]

1. d4 d5 2. c4 e6 3. cxd5 exd5 4. Nc3 Bb4 5. Nf3 Nf6 6. Bg5 Qd6 7. e3 a6 8. Be2
Ne4 9. Bf4 Qb6 10. Qc2 Bf5 11. Bd3 Bg6 12. O-O Bxc3 13. bxc3 O-O 14. Rab1 Qa5
15. c4 Nf6 16. Bxg6 fxg6 17. c5 Ra7 18. Ng5 c6 19. Ne6 Rc8 20. Rb2 Nbd7 21. Rfb1
b5 22. cxb6 Rb7 23. Bc7 Ne4 24. Qxc6 Rbxc7 25. bxc7 Nef6 26. Rb8 Nxb8 27. cxb8=Q
Rxb8 28. Rxb8+ Kf7 29. Rb7+ Nd7 30. Rxd7+ Kf6 31. Nf4+ Kg5 32. Rxd5+ Qxd5 33.
Qxd5+ Kh6 34. h4 1-0

[Event "Challenge"]
[Site "http://www.queenalice.com/game.php?id=1473230"]
[Date "2017.4.13"]
[Round "-"]
[White "ValensKaiser"]
[Black "kuam"]
[Result "1-0"]
[WhiteElo "1991"]
[BlackElo "1828"]

1. e4 Nf6 2. e5 Nd5 3. d4 e6 4. Nf3 c5 5. c4 Nb4 6. dxc5 Bxc5 7. Nc3 a6 8. a3
N4c6 9. Ne4 Be7 10. c5 O-O 11. Bd3 h6 12. O-O f5 13. exf6 Bxf6 14. Nxf6+ Qxf6
15. Re1 a5 16. Bb5 Qe7 17. Be3 Na6 18. Qc2 Nc7 19. Ba4 Nb8 20. Ne5 Rf5 21. Nc4
Qf8 22. Nd6 Rh5 23. Qg6 Re5 24. Bc2 Rf5 25. g4 Qf6 26. gxf5 Qxg6+ 27. fxg6 Nc6
28. Be4 Kf8 29. Rad1 Ke7 30. Bxh6 Kf6 31. Bf4 Rb8 32. Nxc8 Rxc8 33. Rxd7 e5 34.
Rf7+ Ke6 35. Bxc6 1-0

[Event "Challenge"]
[Site "http://www.queenalice.com/game.php?id=1473800"]
[Date "2017.4.17"]
[Round "-"]
[White "alfieresabaudo"]
[Black "kuam"]
[Result "1-0"]
[WhiteElo "1991"]
[BlackElo "1898"]

1. d4 d5 2. c4 Nf6 3. Nc3 e6 4. a3 c6 5. Nf3 Bd6 6. Bg5 O-O 7. e4 Be7 8. e5 Nfd7
9. Qd2 Nb6 10. Bxe7 Qxe7 11. Qg5 f6 12. exf6 Qxf6 13. Bd3 N8d7 14. c5 Nc4 15.
Bxc4 dxc4 16. Qxf6 Nxf6 17. O-O Nd5 18. Ne5 Ne7 19. Nxc4 Rf4 20. Rad1 Nf5 21.
Ne2 Rh4 22. g3 Re4 23. Rfe1 Rg4 24. h3 Rg6 25. Ne5 Rf6 26. a4 Ne7 27. Nc3 h5 28.
Ne4 Rh6 29. h4 b6 30. b4 Rb8 31. b5 cxb5 32. axb5 bxc5 33. dxc5 Nd5 34. Nd6 Rf6
35. Nc6 Ra8 36. Nxc8 Nc3 37. Rd8+ Kh7 38. N8xa7 Rxd8 39. Nxd8 Rf8 40. Nxe6 Rf5
41. Ng5+ Kh6 42. Re6+ g6 43. b6 Rxc5 44. b7 Ne4 45. b8=Q Rc1+ 46. Kg2 Nxg5 47.
Qh8+ Nh7 48. Re7 1-0